Mondo desperado /

Đã lưu trong:
Chi tiết về thư mục
Tác giả chính: McCabe, Patrick (Tác giả)
Định dạng: Sách
Ngôn ngữ:Tiếng Anh
Được phát hành: London : Picador, 2000
Các nhãn: Thêm thẻ
Không có thẻ, Là người đầu tiên thẻ bản ghi này!

MARC

LEADER 00000nam a22000007i 4500
001 IT\ICCU\TSA\0754452
003 ItRI
005 20250924111901.0
008 050131s2000 xxk|||||| ||||| |||||c
020 |a 0330372181 
040 |b ita  |c ct 
041 7 |a eng  |2 ISO-639-2 
100 1 |a McCabe, Patrick  |0 IT\ICCU\LO1V\139817  |4 aut 
245 1 0 |a Mondo desperado /  |c Patrick McCabe. 
260 |a London :  |b Picador,  |c 2000 
300 |a X, 228 p. ;  |c 20 cm. 
942 |2 ddc  |c BK 
952 |0 0  |1 0  |2 ddc  |4 0  |6 B_LNR02MCCPAMON11  |7 0  |9 7723  |a MI  |b MI  |d 2012-06-19  |i 6321  |l 0  |o B-LNR02-MCCPA-MON11  |p CDOM6321  |r 2025-07-13 16:28:00  |w 2025-07-13  |x DONO  |y BK 
981 1 |6 z01  |a i   |b xxxe  
982 1 |6 z01  |a n 
999 |c 6399  |d 6399